01885 a2200181 45000010003000000050017000030080041000200030015000610400040000762450032001160200022001482500013001702640036001833000024002195051323002431000024015668560113015905120260407155406.0260407a1997 arg spa dAR-UNSa-BCEJYS aAR-UNSa-BCEJYSbspacAR-UNSa-BCEJYS10aAdministración financiera a978-968-880-950-1 a10a. ed. 1aMéxico :bPrentice-Hallc1997 aXIX, 858 p.c25 cm. a1. Las metas y las funciones de las finanzas - 2. Conceptos en la valuación - 3. Riesgos y rentabilidad en el mercado - 4. Evaluación factorial y multivariada - 5. Valuación de opciones - 6. Principios de la inversión de capital - 7. El riesgo y opciones reales en la presupuestación del capital - 8. Creación del valor mediante los rendimientos requeridos - 9. Teoría de la estructura del capital - 10. La toma de decisiones sobre la estructura de capital - 11. la política de dividendos:teoría y práctica - 12. Activos líquidos y estructuración de los pasivos - 13. La administración de efectivo y los valores negociables - 14.La administración delas cuentas por cobrar y los inventarios - 15. Financiamiento sin garantía de corto plazo - 16. Préstamos con garantia - 17. Fundamentos para el finaciamiento a largo plazo - 18. Arrendamiento financiero a largo plazo - 19. Emisión de valores - 20. Financiamiento de ingreso fijo y pasivo para pensiones - 21. Financiamiento con opciones:warrants, convertibles e intercambiables - 22. Manejo de riesgo financiero - 23. Las fusiones y el mercado del control corporativo - 24. Reestructuración corporativa y forzada - 25. Administración financiera internacional - 26. Análisis de razones financieras - 27. Planeación financiera 1 aVan Horne, James C.41uhttps://biblioeco.unsa.edu.ar/pmb/images/libros/Administracion Financiera.jpgyImagen de portadaqimage/jpeg